Diseño de la estructura de pavimento flexible de 1 km de tramo de la calle de Solingalpa departamento de Matagalpa por el método AASHTO 93
Presenta el diseño de la estructura de pavimento flexible de 1 km. De tramo de la calle del Solingalpa departamento de Matagalpa por el método AASHTO 93 mediante la elaboración de un estudio geotécnico con el objetivo de analizar cada una de las especificaciones que deben de cumplir los material...
| Main Authors: | , |
|---|---|
| Other Authors: | |
| Format: | Tesis Section = Libro |
| Language: | Undetermined Spanish |
| Published: |
Managua
UNI
2013
|
| Subjects: |
| LEADER | 01692nam a2200289Ia 4500 | ||
|---|---|---|---|
| 008 | 240830s9999 xx 000 0 und d | ||
| 040 | |a BIBLIOTECA-RUPAP T.Mon 625.8 M722 | ||
| 041 | |a spa | ||
| 082 | |a T.Mon 625.8 M722 | ||
| 100 | 1 | |a Molina López, Priscilla Denice | |
| 100 | 1 | |b Gaitán Gamboa, José Raúl | |
| 245 | 1 | 0 | |a Diseño de la estructura de pavimento flexible de 1 km de tramo de la calle de Solingalpa departamento de Matagalpa por el método AASHTO 93 |
| 260 | |a Managua |b UNI |c 2013 | ||
| 300 | |a 40 p. :il. | ||
| 500 | |a Contiene: anexos. | ||
| 502 | |a Tesis (Ingeniero Civil)- UNI, 2013. | ||
| 520 | 3 | |a Presenta el diseño de la estructura de pavimento flexible de 1 km. De tramo de la calle del Solingalpa departamento de Matagalpa por el método AASHTO 93 mediante la elaboración de un estudio geotécnico con el objetivo de analizar cada una de las especificaciones que deben de cumplir los materiales que integran un pavimento, los sondeos de línea y los bancos de materiales, se realizó un estudio de transito como elemento principal ya que con este estudio se obtiene el volumen de transito promedio al cual estará expuesta la estructura, para el diseño de los espesores del pavimento flexible se calculó el ESA’L para el carril de diseño, el módulo de resiliencia y el CBR de diseño de sub rasante. | |
| 650 | 7 | |a PAVIMENTOS FLEXIBLES | |
| 650 | 7 | |b ESTUDIO DE TRANSITO | |
| 650 | 7 | |c ESTUDIO GEOTÉCNICO | |
| 650 | 7 | |e CONCRETO ASFALTICO | |
| 650 | 7 | |f PAVIMENTOS-CALLES | |
| 650 | 7 | |g DISEÑO DE ESTRUCTURA DE PAVIMENTOS | |
| 700 | 1 | |a Tutor: |b Bustamante Arteaga, José Fernando | |
| 942 | |c BK |2 ddc | ||
| 991 | |a TESIS | ||
| 999 | |c 18237 | ||